Hero tales and legends of the serbians. By Woislav M. Petrovitch. Attaché to the Serbian Royal Legation to the Court of St. James. With a preface by Chedo Miyatovich

Uloženo v:
Podrobná bibliografie
Hlavní autor: Petrovitch, Woislav M. (Autor)
Médium: Kniha
Jazyk:angličtina
Vydáno: Londres George G. Harrap & Company 1914
Vydání:1a. ed
Témata:
Tagy: Přidat tag
Žádné tagy, Buďte první, kdo vytvoří štítek k tomuto záznamu!

MARC

LEADER 00000nam a2200000 a 4500
001 UCJ6148
003 CL-VaPUC
008 070124e19140000UK |||||||||||||||||eng|d
082 0 4 |a 949  |b PET  |2 21 
100 0 |a Petrovitch, Woislav M.  |e author  |9 512468 
245 1 0 |a Hero tales and legends of the serbians. By Woislav M. Petrovitch. Attaché to the Serbian Royal Legation to the Court of St. James. With a preface by Chedo Miyatovich 
250 |a 1a. ed 
300 |a xxiii, 394 p 
942 |c BK 
945 |d 20070124 00:00:00  |a rinostro 
260 |a Londres  |b George G. Harrap & Company  |c 1914 
500 |a Ilustraciones y mapas conforme a lo señalado en el índice 
650 0 |a Historia  |9 255047 
650 7 |a LEYENDAS  |2 CL-VaPUC  |9 265258 
650 7 |a FOLKLORE  |2 CL-VaPUC  |9 268291 
650 0 |a Literatura  |9 259151 
650 0 |a Mitología   |9 255719 
650 0 |a Ilustraciones  |9 369481 
650 0 |a Mapas  |9 260844 
651 7 |a SERBIA  |2 CL-VaPUC  |9 512469 
651 7 |a PENINSULA DE LOS BALCANES  |2 CL-VaPUC  |9 388274 
583 |a last modification  |c 20070124 00:00:00  |k Rodrigo Vera 
999 |c 322256  |d 322254 
952 |0 0  |1 0  |4 0  |6 949_000000000000000_PET_1914  |7 0  |8 X  |9 401207  |a FDOBUD  |b FDOBUD  |d 2019-11-22  |i 104432K  |o 949 PET 1914  |p 104432K  |r 2019-11-22  |w 2019-11-22  |y BK_X  |k BUD